[Event "Moscow Time of the First U11 Girls"]
[Site "Moscow"]
[Date "2019.06.19"]
[Round "4"]
[White "Loviagina, Dariana"]
[Black "Degtyareva, Mariya"]
[Result "1-0"]
[WhiteElo "1297"]
[BlackElo "1214"]
[PlyCount "173"]
[EventDate "2019.06.17"]
[EventType "swiss"]
[EventRounds "9"]
[EventCountry "RUS"]
[SourceTitle "EXT 2021"]
[Source "ChessBase"]
[SourceDate "2020.10.23"]
[SourceVersion "1"]
[SourceVersionDate "2020.10.23"]
[SourceQuality "1"]

1. Nf3 Nf6 2. b3 g6 3. Bb2 Bg7 4. g3 d6 5. Bg2 0-0 6. 0-0 Nc6 7. d3 Re8 8. c4 e5 9. e3 Bf5 10. Nc3 Qd7 11. Qd2 Bh3 12. Rfe1 Bxg2 13. Kxg2 Nh5 14. Nd5 f5 15. d4 e4 16. Ng1 Nf6 17. Nxf6+ Bxf6 18. Ne2 Qg7 19. Nf4 Qf7 20. Rh1 Ne7 21. h4 d5 22. Rac1 c6 23. c5 Bg7 24. Qe2 Rf8 25. Nh3 h6 26. Nf4 Qf6 27. a4 a6 28. Qd2 Kh7 29. Bc3 Rae8 30. Ba5 Nc8 31. h5 g5 32. Ng6 Rg8 33. Rb1 Ne7 34. Ne5 Qe6 35. Bc7 Bxe5 36. Bxe5 Nc8 37. b4 Na7 38. Qe2 Ra8 39. Rbf1 g4 40. Rb1 Rae8 41. Bc7 Ra8 42. Bb6 Nc8 43. Bc7 Na7 44. Rh2 Qd7 45. Bb6 Nc8 46. b5 Nxb6 47. cxb6 axb5 48. axb5 Rgc8 49. Rhh1 c5 50. dxc5 Rxc5 51. Rhc1 Qd6 52. Qd2 Rxc1 53. Rxc1 Rd8 54. Qd4 Rd7 55. Rc8 Rd8 56. Rc7+ Rd7 57. Rc8 Rd8 58. Rc3 Rd7 59. Rc7 Rxc7 60. bxc7 Qxc7 61. Qxd5 Qc8 62. Qf7+ Kh8 63. Qf6+ Kg8 64. Qg6+ Kh8 65. Qxh6+ Kg8 66. Qg6+ Kf8 67. h6 Ke7 68. h7 Qf8 69. b6 Kd7 70. Qh5 Qh8 71. Qxf5+ Kc6 72. Qg6+ Kb5 73. Qg8 Qxg8 74. hxg8Q Kxb6 75. Qe6+ Ka5 76. Qxe4 b5 77. f4 gxf3+ 78. Kxf3 b4 79. g4 Ka4 80. g5 Ka3 81. g6 b3 82. Qb1 b2 83. g7 Kb3 84. g8Q+ Kc3 85. Qd5 Kb4 86. Qxb2+ Ka4 87. Qda2# 1-0

[Event "Moscow Time of the First U11 Girls"]
[Site "Moscow"]
[Date "2019.06.18"]
[Round "2"]
[White "Degtyareva, Mariya"]
[Black "Vinogradova, Mariya V"]
[Result "1/2-1/2"]
[WhiteElo "1214"]
[BlackElo "1201"]
[PlyCount "123"]
[EventDate "2019.06.17"]
[EventType "swiss"]
[EventRounds "9"]
[EventCountry "RUS"]
[SourceTitle "EXT 2021"]
[Source "ChessBase"]
[SourceDate "2020.10.23"]
[SourceVersion "1"]
[SourceVersionDate "2020.10.23"]
[SourceQuality "1"]

1. Nf3 Nf6 2. g3 g6 3. Bg2 Bg7 4. 0-0 0-0 5. d4 d6 6. c4 c6 7. Nc3 Nbd7 8. e4 Qc7 9. Qc2 Rd8 10. Rd1 e5 11. dxe5 dxe5 12. b3 b5 13. cxb5 cxb5 14. Qd3 Ba6 15. Qe3 Ng4 16. Qe1 Nb6 17. Bb2 Rac8 18. Rac1 Qb8 19. h3 Nf6 20. Nb1 Nfd7 21. Rxc8 Rxc8 22. Rc1 Nc5 23. Qe3 Ncd7 24. Rxc8+ Qxc8 25. Qc3 Qxc3 26. Bxc3 Bb7 27. Nbd2 f5 28. exf5 gxf5 29. Ne1 Bxg2 30. Kxg2 Nd5 31. Bb2 Bh6 32. Nb1 b4 33. Nd3 e4 34. Ne5 Bg7 35. Nc4 Bxb2 36. Nxb2 Nc3 37. a3 Nxb1 38. axb4 Nd2 39. Nc4 Nxb3 40. Nd6 Nd4 41. Nc8 a6 42. Nd6 Kf8 43. g4 fxg4 44. hxg4 Nf6 45. g5 Nd5 46. Nxe4 Nxb4 47. Nc3 Ne6 48. Ne4 a5 49. Kh3 a4 50. f4 a3 51. Nc3 a2 52. Nxa2 Nxa2 53. Kg4 Nd4 54. f5 Kg7 55. Kf4 Nc6 56. Kg4 Nc3 57. Kh5 Ne4 58. f6+ Kg8 59. g6 Nxf6+ 60. Kg5 Ne4+ 61. Kh6 hxg6 62. Kxg6 1/2-1/2

[Event "RUS-chT U11 Girls"]
[Site "Sochi"]
[Date "2019.05.06"]
[Round "6.2"]
[White "Dolinskaya, Mariia"]
[Black "Degtyareva, Mariya"]
[Result "1-0"]
[WhiteElo "1438"]
[BlackElo "1240"]
[PlyCount "89"]
[EventDate "2019.05.10"]
[EventType "team-tourn"]
[EventRounds "9"]
[EventCountry "RUS"]
[SourceTitle "EXT 2022"]
[Source "ChessBase"]
[SourceDate "2021.10.06"]
[SourceVersion "1"]
[SourceVersionDate "2021.10.06"]
[SourceQuality "1"]

1. d4 Nf6 2. Nf3 g6 3. c4 Bg7 4. Nc3 0-0 5. e4 d6 6. Bd3 Nbd7 7. 0-0 e5 8. d5 a5 9. h3 Nc5 10. Bc2 h6 11. Be3 Ncd7 12. Qd2 Kh7 13. Kh2 b6 14. a3 Ng8 15. g4 g5 16. b4 axb4 17. axb4 Rb8 18. Ra7 Rb7 19. Rfa1 Ndf6 20. Ra8 Qd7 21. Ba4 Qe7 22. Bc6 Rd8 23. Bxb7 Bxb7 24. Rxd8 Qxd8 25. Qa2 h5 26. Nxg5+ Kg6 27. gxh5+ Nxh5 28. Rg1 Kf6 29. Ne6 Qd7 30. Bg5+ Kg6 31. Bh4+ Kh7 32. Nxg7 Nxg7 33. Qe2 Nh6 34. Bg5 Bc8 35. Qe3 Ng8 36. Qg3 Nh6 37. Qh4 Qxh3+ 38. Qxh3 Bxh3 39. Kxh3 Ng8 40. Kg2 Kg6 41. Bd8 Ne8 42. Kf3+ Kh7 43. Bxc7 f5 44. Bxb6 fxe4+ 45. Kxe4 1-0

[Event "RUS-chT U11 Girls"]
[Site "Sochi"]
[Date "2019.05.01"]
[Round "1.2"]
[White "Degtyareva, Mariya"]
[Black "Dolinskaya, Mariia"]
[Result "1/2-1/2"]
[WhiteElo "1240"]
[BlackElo "1438"]
[PlyCount "83"]
[EventDate "2019.05.10"]
[EventType "team-tourn"]
[EventRounds "9"]
[EventCountry "RUS"]
[SourceTitle "EXT 2022"]
[Source "ChessBase"]
[SourceDate "2021.10.06"]
[SourceVersion "1"]
[SourceVersionDate "2021.10.06"]
[SourceQuality "1"]

1. d4 d5 2. Nf3 Nf6 3. g3 e6 4. Bg2 Be7 5. 0-0 0-0 6. c4 dxc4 7. Ne5 c5 8. dxc5 Bxc5 9. Nxc4 Qc7 10. b3 Rd8 11. Qc2 Nc6 12. e3 Nd5 13. a3 b5 14. Ncd2 Be7 15. Bb2 Bb7 16. Nc3 Nxc3 17. Qxc3 Bf6 18. Qc2 Bxb2 19. Qxb2 Rac8 20. Rac1 Qb6 21. Rfd1 h6 22. Nf3 Rxd1+ 23. Rxd1 Rd8 24. Rxd8+ Qxd8 25. Nd4 Qb6 26. Nxc6 Bxc6 27. Bxc6 Qxc6 28. Qd2 Qc7 29. Kg2 Qb7+ 30. Kg1 Qc7 31. Kg2 a6 32. Kg1 Qc5 33. Qd8+ Kh7 34. Qd3+ g6 35. b4 Qc1+ 36. Kg2 Qc6+ 37. Kg1 e5 38. Qb3 Kg7 39. Qb2 Qd6 40. Kg2 Qd5+ 41. Kg1 Qd1+ 42. Kg2 1/2-1/2